Parts of Speech Quiz Stats

 Plays Quiz Updated Mar 16, 2020

     
Support Sporcle.
Go Orange.
Score 0/8 Timer 01:30
2 Plays Today
% Correct
Noun
99.3%
Verb
98.6%
Adjectives (and Articles)
96.2%
Adverb
93.9%
Pronoun
70.8%
Preposition
57.3%
Conjunction
55.8%
Interjection
26.2%

From the Vault

Literary Works by Mug

by timmylemoine1

We aren't here to judge, but odds are good most of these mugs were filled with whisky.
Remove Ads.
Support Sporcle.
Get the best of Sporcle when you Go Orange. This ad-free experience offers more features, more stats, and more fun while also helping to support Sporcle. Thank you for becoming a member.

Show Comments

Extras

Top Quizzes Today


Score Distribution

Your Account Isn't Verified!

In order to create a playlist on Sporcle, you need to verify the email address you used during registration. Go to your Sporcle Settings to finish the process.

Report this User

Report this user for behavior that violates our Community Guidelines.

Details: